• 首页
  • 本馆介绍
  • 公告通知
  • 最新文献
  • 馆藏检索
  • 电子资源
  • 读者导购
  • 参考咨询
  • 我的图书馆
  • 登录
  • 详细信息显示
  • 放入我的书架
  • 预约/预借图书
  • 作者相关作品
  • 分类相关作品
  • 丛书相关作品
  • 出版社相关作品

书目信息

  • 表格格式
  • 工作单格式
  • 卡片格式
题名:
配合饲料加工
    
 
作者: ;无锡轻工业学院 编
分册:  
出版信息: 北京   农业出版社  1986
页数: 252页
开本: 19cm
丛书名:
单 册:
中图分类: S816.8
科图分类: 69.1354
主题词: 配合饲料-饲料加工--技术教育--教材 , 饲料加工-配合饲料--技术教育--教材
电子资源:
ISBN: 16144.3265
000 00777nam0 2200265 450
001 0187203761
005 20100712222304.0
010    @a16144.3265@dCNY2.05
091    @a16144.3265
100    @a19960813d1986 em y0chiy0110 ea
101 0  @achi
102    @aCN@b110000
105    @ay z 000yy
106    @ar
200 1  @a配合饲料加工@9Pei He;Ge Si Liao Jia Gong @f无锡轻工业学院编
210    @a北京@c农业出版社@d1986
215    @a252页@d19cm
300    @a全国统编农民职工技术教育教材
606 0  @a配合饲料-饲料加工@x技术教育@x教材
606 0  @a饲料加工-配合饲料@x技术教育@x教材
690    @aS816.8@v3
692    @a69.1354@v2
711 02 @a无锡轻工业学院@9wu xi qing gong ye xue yuan@4编
801  0 @aCN@b91MARC@c20130904
905    @aBZT@dS816.8@e92@f1@sS816.8/92
    
    配合饲料加工/无锡轻工业学院编.-北京:农业出版社,1986
    252页;19cm
    全国统编农民职工技术教育教材
    
    ISBN 16144.3265:CNY2.05
    
●
相关链接 在五车中查询图书 在当当中查询图书 在豆瓣中查询图书


正题名:配合饲料加工     索取号:S816.8/92         预约/预借

序号 登录号 条形码 馆藏地/架位号 状态 备注
1 2000110716   2000110716   旧书回溯/ [索取号:S816.8/92] 在馆    
山东省滨州职业学院图书馆 欢迎您!
大连网信软件有限公司© 版权所有